EVE GİDEN KÜÇÜK TREN (Record no. 689155)
[ view plain ]
| 000 -LEADER | |
|---|---|
| sabit uzunluktaki kontrol alanı | 00249nam a2200097Ia 4500 |
| 001 - KONTROL NUMARASI | |
| kontrol alanı | 689155 |
| 005 - EN SON İŞLEMİN TARİH VE ZAMANI | |
| kontrol alanı | 20250826161629.0 |
| 008 - SABİT-UZUNLUKTA VERİ ÖĞELERİ--GENEL BİLGİ | |
| sabit uzunluktaki kontrol alanı | 250824s9999 xx 000 0 und d |
| 245 #0 - ESER / YAZAR | |
| ESER ADI | EVE GİDEN KÜÇÜK TREN |
| Yazar Adı | BEHİÇ AK |
| 260 ## - YAYIN, DAĞITIM, VB. | |
| YAYIN EVİ | GÜNIŞIĞI YAYINLARI |
| Düşüm durumu | Kayıp durumu | Hasar Durumu | Ödünç verilmez | Ana kütüphane | Geçerli Kütüphane | Edinilen tarih | Toplam ödünç verme sayısı | Barkod | Son görüntüleme tarihi | Fiyatın geçerli olmaya başladığı tarih | Koha materyal türü |
|---|---|---|---|---|---|---|---|---|---|---|---|
| KEMAL AKPINAR İMAM HATİP ORTAOKULU | KEMAL AKPINAR İMAM HATİP ORTAOKULU | 24.08.2025 | 10282229 | 26.08.2025 | 26.08.2025 | Books |